On This Day: February 23rd II Quiz Stats

 Plays Quiz Updated Feb 23, 2018

Challenge
Share
Tweet
Embed
Score 0/7 Timer 03:00
0 Plays Today
Question Answer Wrong Answers
Supreme Leader ______ states that Iran's parliament will decide the fate of the American embassy hostages.
1980
Ayatollah Ruhollah Khomeini
81.6%
Mahmoud Ahmadinejad
3.8%
Muammar Gaddafi
5.4%
Saddam Hussein
7.2%
President-elect ______ arrives secretly in Washington, D.C., after the thwarting of an alleged assassination plot in Baltimore, Maryland.
1861
Abraham Lincoln
80.1%
James Buchanan
4.5%
Andrew Johnson
6.7%
Ulysses S. Grant
8.3%
Chicago attorney Paul Harris and three other businessmen meet for lunch to form the ______, the world's first service club.
1905
Rotary Club
72.5%
Toastmasters Club
6%
American Legion
11.5%
Salvation Army
9.1%
In the Battle of Buena Vista, American troops led by this future American President defeat Mexican General Antonio López de Santa Anna.
1847
Zachary Taylor
63.6%
James K. Polk
12.7%
John Tyler
8.9%
William Henry Harrison
14.8%
This English-American actress, known for roles in films like ‘The Devil Wears Prada’ and ‘ Edge of Tomorrow’, is born.
1983
Emily Blunt
63.2%
Jessica Chastain
7.7%
Anna Kendrick
11.2%
Amy Adams
15.8%
The Soviet Union begins the forced deportation of the ______ and Ingush people from the North Caucasus to Central Asia.
1944
Chechen
52.2%
Armenian
25.3%
Udi
13.3%
Belarusian
7.5%
This German theoretical physicist writes a letter to fellow physicist Wolfgang Pauli, in which he describes his uncertainty principle for the first time.
1927
Werner Heisenberg
32.9%
Albert Einstein
50.3%
Erwin Schrödinger
13.8%
Ernest Rutherford
1.7%

You're not logged in!

Compare scores with friends on all Sporcle quizzes.
OR
Log In

You Might Also Like...

Show Comments

Extras

Top Quizzes Today


Score Distribution

Your Account Isn't Verified!

In order to create a playlist on Sporcle, you need to verify the email address you used during registration. Go to your Sporcle Settings to finish the process.

Report this User

Report this user for behavior that violates our Community Guidelines.

Details: